Entry Konu Terimi
001 - KONTROL NUMARASI
- Kontrol alanı: 127259
003 - KONTROL NUMARASI KİMLİĞİ
- Kontrol alanı: TR-BiSEU
005 - SON İŞLEM TARİHİ VE ZAMANI
- Kontrol alanı: 20260207004702.0
008 - SABİT UZUNLUKTAKİ VERİ ÖGELERİ - GENEL BİLGİ
- Sabit uzunlukta kontrol alanı: 260207|| aca||aabn | a|a d
040 ## - KATALOGLAMA KAYNAĞI
- Özgün kataloglama kurumu: TR-BiSEU
- Çeviri kurumu: TR-BiSEU
150 ## - KONU BAŞLIKLARI - KONU TERİMİ
- Konu terimi: Etnik kimlik
670 ## - BİLGİNİN KAYNAĞI
- Bilginin alındığı kaynak: KOHA: (TR-BiSEU)67476: Dündar, A. Merthan. 24353, Süyümbike'nin gözyaşları: İdil-Ural Türklerinin Doğu Asya göçü: fotoğraflarla bir göç hikâyesi= The tears of Süyümbike: migration of Idıl-Ural Turks to East Asia: a migration story in photos/
